000
00261nam a2200097Ia 4500
082
_b
VAR
_a
575:57.087.1 VAR
100
_a
Varghese, T M
245
0
_a
Biometrical techniques in genetics and breeding
260
_a
Hissar
_b
International Bioscience
_c
1976
942
_c
BK
999
_c
36075
_d
36075